00438nam a2200145Ia 4500003000900000008004100009040001600050080001700066100001700083245008100100260005400181300001000235650002800245650001900273IN-BaIIA211028s9999 xx 000 0 eng d cIIA Library a12:30.0bSIM aSimon, Edith 4athe ReformationcEdith Simon  aAmsterdam, Time Life BooksbTime-Life Booksc1975 a191p. aHistory of Civilization aNASA thesaurus